| 000 | 01234cam a2200337 i 4500 | ||
|---|---|---|---|
| 999 |
_c200443674 _d61886 |
||
| 001 | 200443674 | ||
| 003 | TR-AnTOB | ||
| 005 | 20241015153025.0 | ||
| 007 | ta | ||
| 008 | 060131s1978 tu d 10000 tur d | ||
| 035 | _a(TR-AnTOB)200443674 | ||
| 040 |
_aSULEY _beng _erda _cSULEY _dTR-AnTOB |
||
| 041 | 0 | _atur | |
| 050 | 4 |
_aHD9502.T92 _bT87g 1978 |
|
| 090 |
_aHD9502.T92 _bT87g 1978 |
||
| 111 | 2 |
_aTürkiye Genel Enerji Kongresi _n(3. : _d1978 : _cAnkara) _9132677 |
|
| 245 | 1 | 0 |
_aTürkiye 3. genel enerji kongresi : _bAnkara, 1978 : genel raportör kararları. |
| 264 | 1 |
_aAnkara : _bDünya Enerji Konferansı Türk Milli Komitesi, _c1978. |
|
| 300 |
_a1 volume (various pagings) ; _c22 cm |
||
| 336 |
_atext _btxt _2rdacontent |
||
| 337 |
_aunmediated _bn _2rdamedia |
||
| 338 |
_avolume _bnc _2rdacarrier |
||
| 650 | 7 |
_aEnerji politikası _zTürkiye _vKongreler _2etuturkob _932463 |
|
| 650 | 0 |
_aGüç kaynakları _zTürkiye _vKongreler _932464 |
|
| 650 | 0 |
_aEnerji geliştirme _zTürkiye _vKongreler _9109152 |
|
| 710 | 2 |
_aWorld Energy Council. _bTürk Milli Komitesi _961587 |
|
| 740 | 0 | 2 | _aTürkiye üçüncü genel enerji kongresi. |
| 942 |
_2lcc _cBK |
||